| 000 | 00533nam a22001697a 4500 | ||
|---|---|---|---|
| 008 | 180118b xxu||||| |||| 00| 0 eng d | ||
| 020 | _a0-19-503688-3 | ||
| 082 |
_21986 _aDC 951.05 _bD56 |
||
| 100 |
_925659 _aDietrich, Craig |
||
| 245 |
_aPeople's China: _ba brief history/ _cCraig Dietrich. |
||
| 260 |
_aNew York: _bOxford University Press, _c©1986. |
||
| 300 |
_axv, 327 pages: _billustrations; _c21 cm. |
||
| 500 | _aIncludes index. | ||
| 650 | 0 |
_925660 _aChina-History-1949- |
|
| 700 |
_925661 _aDietrich, Craig |
||
| 942 |
_2ddc _cDC |
||
| 999 |
_c8297 _d8297 |
||